000 00381nam a22001457a 4500
003 LRUA
005 20231106220731.0
008 231106b xxu||||| |||| 00| 0 eng d
040 _cDLC
082 _2JUN CUS 2001 C073 Or.
245 _aCUSTOMS AND TRADE RELATED INTERNATIONAL DOCUMENTS
260 _aJUNE
_bCUSTOMS AND EXCISE DEPATMENT
_c2001
300 _a358P
942 _2ddc
_cEK
999 _c22125
_d22125